000 00465cam a2200193ua 4500
001 3374
005 20260515113653.0
008 111019n ii |||gr||||Z||||||asm
040 _cMAIN
082 _a891.4513
100 1 _aBaruah, Abhijit Sarmah,
245 1 1 _aPratyavartan
_cby Abhijit Sarma Baruah
250 _a1st.
260 _aGuahati:
_bSahitya Prakash,991.
300 _a63p:
_c23cm.
653 _aAssamese novel
653 _aPratyavartan
942 _cBK
999 _c3217
_d3217